All Films Composed by Hans Zimmer - Statistics

General Stats
  • This quiz has been taken 6 times
  • The average score is 26 of 175
Answer Stats
Hint Movie % Correct
72. Gladiator
100%
95. Batman Begins
67%
161. Dune
67%
103. Kung Fu Panda
67%
94. Madagascar
67%
118. Megamind
67%
55. Nine Months
67%
76. Pearl Harbor
67%
100. Pirates of the Caribbean: At World’s End
67%
97. Pirates of the Caribbean: Dead Man’s Chest
67%
123. Pirates of the Caribbean: On Stranger Tides
67%
84. Pirates of the Caribbean: The Curse of the Black Pearl
67%
1. | 156. The Lion King
67%
115. The Pacific
67%
68. The Thin Red Line
67%
7. The Wind
67%
74. Black Hawk Down
33%
23. Black Rain
33%
69. Chill Factor
33%
53. Crimson Tide
33%
30. Days of Thunder
33%
25. Driving Miss Daisy
33%
170. Dune: Part Two
33%
152. Dunkirk
33%
175. F1
33%
77. Hannibal
33%
117. Inception
33%
139. Interstellar
33%
78. Invincible
33%
91. King Arthur
33%
85. Matchstick Men
33%
173. Mufasa: The Lion King
33%
31. Pacific Heights
33%
20. Rain Man
33%
121. Rango
33%
130. Rush
33%
90. Shark Tale
33%
111. Sherlock Holmes
33%
56. Something to Talk About
33%
86. Tears of the Sun
33%
151. The Boss Baby
33%
104. The Dark Knight
33%
128. The Dark Knight Rises
33%
99. The Holiday
33%
82. The Last Samurai
33%
132. The Lone Ranger
33%
64. The Peacemaker
33%
62. The Preacher’s Wife
33%
81. The Ring
33%
60. The Rock
33%
101. The Simpsons Movie
33%
6. The Zero Boys
33%
166. Top Gun: Maverick
33%
46. True Romance
33%
57. Two Deaths
33%
95. Wallace & Gromit: The Curse of the Were-Rabbit
33%
36. Where Sleeping Dogs Lie
33%
4. Wild Horses
33%
143. Woman in Gold
33%
134. 12 Years a Slave
0%
40. A League of Their Own
0%
70. An Everlasting Piece
0%
109. Angels & Demons
0%
26. Arcadia
0%
168. Are You There God? It’s Me, Margaret.
0%
51. Army Intelligence
0%
164. Army of Thieves
0%
65. As Good as It Gets
0%
16. A World Apart
0%
33. Backdraft
0%
145. Batman v Superman: Dawn of Justice
0%
54. Beyond Rangoon
0%
28. Bird on a Wire
0%
153. Blade Runner 2049
0%
172. Blitz
0%
58. Broken Arrow
0%
21. Burning Secret
0%
45. Calendar Girl
0%
114. Call of Duty: Modern Warfare 2
0%
102. Casi Divas
0%
140. Chappie
0%
27. Chicago Joe and the Showgirl
0%
11. Comeback
0%
47. Cool Runnings
0%
122. Crysis 2
0%
24. Diamond Skulls
0%
52. Drop Zone
0%
174. Fateh
0%
29. Fools of Fortune
0%
142. Freeheld
0%
107. Frost/Nixon
0%
32. Green Card
0%
113. Henri 4
0%
150. Hidden Figures
0%
158. Hillbilly Elegy
0%
119. How Do You Know
0%
50. I’ll Do Anything
0%
147. Inferno
0%
3. Insignificance
0%
112. It’s Complicated
0%
87. Johnny English
0%
37. K2
0%
124. Kung Fu Panda 2
0%
144. Kung Fu Panda 3
0%
171. Kung Fu Panda 4
0%
89. Laura’s Star
0%
127. Madagascar 3: Europe’s Most Wanted
0%
105. Madagascar: Escape 2 Africa
0%
131. Man of Steel
0%
71. Mission: Impossible II
0%
133. Mr. Morgan’s Last Love
0%
59. Muppet Treasure Island
0%
5. My Beautiful Laundrette
0%
17. Nightmare at Noon
0%
163. No Time to Die
0%
18. Paperhouse
0%
149. Planet Earth II
0%
14. Prisoner of Rio
0%
38. Radio Flyer
0%
35 Regarding Henry
0%
75. Riding in Cars with Boys
0%
8. Separate Vacations
0%
126. Sherlock Holmes: A Game of Shadows
0%
63. Smilla’s Feeling for Snow
0%
83. Something’s Gotta Dive
0%
136. Son of God
0%
49. Space Rangers
0%
88. Spanglish
0%
41. Spies Inc.
0%
80. Spirit: Stallion of the Cimarron
0%
2. Success Is the Best Revenge
0%
13. Taffin
0%
10. Terminal Exposure
0%
137. The Amazing Spider-Man 2
0%
19. The Ape Man
0%
43. The Assassin
0%
129. The Bible
0%
108. The Boat That Rocked
0%
160. The Boss Baby: Family Business
0%
106. The Burning Plain
0%
120. The Cover-Up
0%
169. The Creator
0%
148. The Crown
0%
98. The Da Vinci Code
0%
125. The Dilemma
0%
61. The Fan
0%
15. The Fruit Machine
0%
48. The House of the Spirits
0%
66. The Last Days
0%
146. The Last Face
0%
141. The Little Prince
0%
34. Thelma & Louise
0%
12. The Nature of the Beast
0%
79. The Pledge
0%
39. The Power of One
0%
67. The Prince of Egypt
0%
73. The Road to El Dorado
0%
167. The Son
0%
157. The SpongeBob Movie: Sponge on the Run
0%
162. The Survivor
0%
165. The Unforgivable
0%
93. The Weather Man
0%
116. Through the Wormhole
0%
92. Thunderbirds
0%
42. Toys
0%
138. Transformers: Age of Extinction
0%
110. Transformers: Revenge of the Fallen
0%
22. Twister
0%
9. Vardo
0%
154. Widows
0%
135. Winter’s Tale
0%
159. Wonder Woman 1984
0%
155. X-Men: Dark Phoenix
0%
44. Younger and Younger
0%
No matching quizzes found
Score Distribution
Percent of People with Each Score
Percentile by Number Answered
Your Score History
You have not taken this quiz